Partial differential equations (Record no. 224644)
[ view plain ]
| 000 -LEADER | |
|---|---|
| fixed length control field | 01400nam a2200349 a 4500 |
| 082 04 - DEWEY DECIMAL CLASSIFICATION NUMBER | |
| Classification number | 515/.733 |
| 100 1# - MAIN ENTRY--AUTHOR NAME | |
| Personal name | Picard, R. H. |
| 245 10 - TITLE STATEMENT | |
| Title | Partial differential equations |
| 260 ## - PUBLICATION, DISTRIBUTION, ETC. (IMPRINT) | |
| Place of publication | Berlin ; |
| -- | New York : |
| Name of publisher | De Gruyter, |
| Year of publication | c2011. |
| 300 ## - PHYSICAL DESCRIPTION | |
| Number of Pages | xviii, 469 p. |
| 490 1# - SERIES STATEMENT | |
| Series statement | De Gruyter expositions in mathematics, |
| 650 #0 - SUBJECT ADDED ENTRY--TOPICAL TERM | |
| Topical Term | Hilbert space. |
| Topical Term | Differential equations, Partial. |
| 700 1# - ADDED ENTRY--PERSONAL NAME | |
| Personal name | McGhee, D. F. |
| 856 40 - ELECTRONIC LOCATION AND ACCESS | |
| Uniform Resource Identifier | http://site.ebrary.com/lib/rucke/Doc?id=10485452 |
No items available.
